Welcome to CU Library Online Public Access Catalogue (OPAC)

The healthy marriage handbook / (Record no. 4660)

MARC details
000 -LEADER
fixed length control field 00730cam a22002174a 4500
001 - CONTROL NUMBER
control field 12346610
005 - DATE AND TIME OF LATEST TRANSACTION
control field 20250310150125.0
008 - FIXED-LENGTH DATA ELEMENTS--GENERAL INFORMATION
fixed length control field 010314s2001 tnu b 001 0 eng
020 ## - INTERNATIONAL STANDARD BOOK NUMBER
International Standard Book Number 080549054X (alk. paper)
050 00 - LIBRARY OF CONGRESS CALL NUMBER
Classification number HQ734
Item number .H44 2001
082 00 - DEWEY DECIMAL CLASSIFICATION NUMBER
Classification number 306.81
Edition information 21
245 04 - TITLE STATEMENT
Title The healthy marriage handbook /
Statement of responsibility, etc. Louise A. Ferrebee, general editor.
260 ## - PUBLICATION, DISTRIBUTION, ETC.
Place of publication, distribution, etc. Nashville, TN :
Name of publisher, distributor, etc. Broadman & Holman,
Date of publication, distribution, etc. c2001.
300 ## - PHYSICAL DESCRIPTION
Extent 339 p. ;
Dimensions 23 cm.
500 ## - GENERAL NOTE
General note Includes index.
500 ## - GENERAL NOTE
General note "From the editors of Marriage partnership, a Christianity today international publication."
650 #0 - SUBJECT ADDED ENTRY--TOPICAL TERM
Topical term or geographic name entry element Marriage.
650 #0 - SUBJECT ADDED ENTRY--TOPICAL TERM
Topical term or geographic name entry element Marriage
General subdivision Religious aspects
-- Christianity.
700 1# - ADDED ENTRY--PERSONAL NAME
Personal name Ferrebee, Louise A.,
Dates associated with a name 1960-
942 ## - ADDED ENTRY ELEMENTS (KOHA)
Source of classification or shelving scheme Library of Congress Classification
Koha item type Books
Suppress in OPAC No
999 ## -
-- 4660
-- 4660
Holdings
Withdrawn status Lost status Source of classification or shelving scheme Damaged status Not for loan Collection Home library Current library Shelving location Date acquired Total checkouts Full call number Barcode Date last seen Copy number Price effective from Koha item type
    Library of Congress Classification     Non-fiction Graduate Library (Christ Temple) Graduate Library (Christ Temple) General stacks 03/10/2025   HQ 734 HEA GSCT00000592 03/10/2025 1 03/10/2025 Books
© 2023-2024 Copyright: Central University Libraries. All Rights Reserved | Created by: Mahone Tech Office